[Event "Cilacap MPCNI"]
[Site "Cilacap"]
[Date "2017.12.29"]
[Round "8"]
[White "Nasution, Mj Abed"]
[Black "Askali, Nurdin"]
[Result "1/2-1/2"]
[WhiteElo "2279"]
[BlackElo "2295"]
[PlyCount "69"]
[EventDate "2017.12.26"]
[EventType "tourn"]
[EventRounds "9"]
[EventCountry "INA"]
[SourceTitle "CBM 182 Extra"]
[Source "ChessBase"]
[SourceDate "2018.02.23"]
[SourceVersion "1"]
[SourceVersionDate "2018.02.23"]
[SourceQuality "1"]

1. d4 d5 2. Nd2 c6 3. e4 dxe4 4. Nxe4 Nd7 5. f4 Ngf6 6. Ng3 g6 7. Bd3 Bg7 8. c3 Nb6 9. N1e2 Bg4 10. Qc2 Bxe2 11. Nxe2 e6 12. h3 Nh5 13. Be3 Nd5 14. Qd2 Nxe3 15. Qxe3 Qa5 16. a3 0-0-0 17. 0-0-0 Kb8 18. Kb1 Rhe8 19. Rhe1 a6 20. Ng3 Nxg3 21. Qxg3 h5 22. Qf3 Rd7 23. g4 hxg4 24. hxg4 Red8 25. Bc2 c5 26. dxc5 Rxd1+ 27. Rxd1 Rxd1+ 28. Bxd1 Qxc5 29. g5 Kc7 30. Bc2 Qc6 31. Qxc6+ Kxc6 32. Be4+ Kc7 33. Kc2 Bf8 34. Kd3 Bd6 35. Ke3 1/2-1/2

[Event "Jakarta Telin op"]
[Site "Jakarta"]
[Date "2011.04.07"]
[Round "9"]
[White "Cuhendi, Sean Winshand"]
[Black "Askali, Nurdin"]
[Result "1/2-1/2"]
[WhiteElo "1945"]
[BlackElo "2312"]
[PlyCount "112"]
[EventDate "2011.04.01"]
[EventType "swiss"]
[EventRounds "9"]
[EventCountry "INA"]
[SourceTitle "CBM 141 Extra"]
[Source "ChessBase"]
[SourceDate "2011.05.03"]
[SourceVersion "1"]
[SourceVersionDate "2011.05.03"]
[SourceQuality "1"]

1. e4 c5 2. Nf3 Nc6 3. d4 cxd4 4. Nxd4 g6 5. Nc3 Bg7 6. Be3 Nf6 7. Bc4 0-0 8. Bb3 Na5 9. f3 Nxb3 10. Nxb3 d6 11. Qd2 Re8 12. 0-0-0 Bd7 13. g4 Bc6 14. Bh6 Bh8 15. h4 a5 16. Nd4 a4 17. a3 Qa5 18. h5 Rac8 19. hxg6 fxg6 20. Qh2 Qc5 21. Be3 Qc4 22. Nxc6 bxc6 23. Rd4 Qf7 24. Rxa4 Ra8 25. Rxa8 Rxa8 26. Qe2 Nd7 27. Bd2 Ne5 28. Rf1 Nc4 29. Nd1 Rb8 30. b3 Nxa3 31. Bc3 Nb5 32. Bxh8 Kxh8 33. Qd2 Ra8 34. Qe3 Qf6 35. f4 Ra2 36. e5 dxe5 37. Qxe5 Qxe5 38. fxe5 Nd4 39. Ne3 Ra1+ 40. Kb2 Rxf1 41. Nxf1 Nf3 42. c4 Nxe5 43. Ne3 c5 44. Kc3 Nc6 45. g5 Kg7 46. Nd5 Kf7 47. Nf4 Nb4 48. Nd5 Nxd5+ 49. cxd5 e5 50. Kd3 Ke7 51. Ke3 Kd7 52. Kf3 Kc7 53. Ke3 Kd7 54. Kd3 e4+ 55. Ke3 Kc7 56. Kf4 Kd7 1/2-1/2

[Event "Asia Cities-ch 14th"]
[Site "Tagaytay City"]
[Date "2004.03.27"]
[Round "9.3"]
[White "Askali, Nurdin"]
[Black "Ibrayev, Nurlan"]
[Result "0-1"]
[WhiteElo "2323"]
[BlackElo "2427"]
[PlyCount "68"]
[EventDate "2004.03.21"]
[EventType "team"]
[EventRounds "9"]
[EventCountry "PHI"]
[SourceTitle "CBM 099 Extra"]
[Source "ChessBase"]
[SourceDate "2004.05.04"]
[SourceVersion "1"]
[SourceVersionDate "2004.05.04"]
[SourceQuality "1"]
[WhiteTeam "Samarinda"]
[BlackTeam "Pavlodar"]
[WhiteTeamCountry "INA"]
[BlackTeamCountry "KAZ"]

1. d4 Nf6 2. Nf3 e6 3. e3 c5 4. Bd3 b6 5. 0-0 Be7 6. Qe2 cxd4 7. exd4 Bb7 8. Nbd2 0-0 9. Re1 d6 10. c3 Nbd7 11. Ne4 Nxe4 12. Bxe4 Bxe4 13. Qxe4 d5 14. Qd3 a6 15. a4 Qb8 16. Ne5 Nxe5 17. Rxe5 g6 18. Bh6 Rc8 19. Qh3 Qd6 20. Rae1 Bf6 21. R5e3 b5 22. Qg4 bxa4 23. h4 Qe7 24. h5 Rab8 25. hxg6 hxg6 26. g3 Rc6 27. Kg2 Rxb2 28. Rh1 a3 29. Qh3 a2 30. Ree1 Rxc3 31. Bg5 Rxf2+ 32. Kxf2 Bxd4+ 33. Be3 Qf6+ 34. Kg1 Bxe3+ 0-1

[Event "Asia Cities-ch 14th"]
[Site "Tagaytay City"]
[Date "2004.03.26"]
[Round "8.3"]
[White "Mallahi, Amir"]
[Black "Askali, Nurdin"]
[Result "1-0"]
[WhiteElo "2378"]
[BlackElo "2323"]
[PlyCount "79"]
[EventDate "2004.03.21"]
[EventType "team"]
[EventRounds "9"]
[EventCountry "PHI"]
[SourceTitle "CBM 099 Extra"]
[Source "ChessBase"]
[SourceDate "2004.05.04"]
[SourceVersion "1"]
[SourceVersionDate "2004.05.04"]
[SourceQuality "1"]
[WhiteTeam "Tehran"]
[BlackTeam "Samarinda"]
[WhiteTeamCountry "IRI"]
[BlackTeamCountry "INA"]

1. e4 c5 2. Nf3 d6 3. d4 cxd4 4. Nxd4 Nf6 5. Nc3 g6 6. f4 Nc6 7. Nxc6 bxc6 8. e5 Bg4 9. Be2 Bxe2 10. Qxe2 dxe5 11. fxe5 Nd5 12. Ne4 Bg7 13. Ng5 h6 14. Nf3 Qc8 15. 0-0 0-0 16. Qe4 Qe6 17. c4 Nb6 18. b3 f5 19. Qe3 g5 20. Bb2 Nd7 21. Rae1 c5 22. Re2 Rac8 23. h4 f4 24. Qe4 Rf5 25. hxg5 hxg5 26. Rd1 Nf8 27. Nh2 Rf7 28. Qd5 Qg6 29. Qb7 Rc6 30. Rde1 g4 31. Nxg4 Re6 32. Nh2 Rf5 33. Rf2 Qh7 34. Bc1 Rh6 35. Bxf4 Rxf4 36. Rxf4 Rxh2 37. Qxe7 Rh1+ 38. Kf2 Qc2+ 39. Re2 Qb1 40. Qf7+ 1-0